Zawodnicy z najlepszą średnią w sezonie 2023 w żużlu - Statystyki

Ogólne statystyki
  • Ten quiz został rozwiązany 291 razy
  • Średni wynik to 24 z 30
Statystyki odpowiedzi
Miejsce Klub Średnia Punktów Odpowiedź % Poprawnych
1 Motor Lublin 2.645 Bartosz Zmarzlik
99%
3 Unia Leszno 2.345 Janusz Kołodziej
94%
5 Włókniarz Częstochowa 2.313 Leon Madsen
92%
7 Stal Gorzów Wlkp. 2.254 Martin Vaculik
91%
14 Sparta Wrocław 2.048 Maciej Janowski
90%
6 Motor Lublin 2.294 Dominik Kubera
88%
10 Motor Lublin 2.097 Jack Holder
87%
4 Sparta Wrocław 2.344 Artem Łaguta
84%
11 Motor Lublin 2.095 Fredrik Lindgren
84%
8 Stal Gorzów Wlkp. 2.212 Anders Thomsen
83%
13 Stal Gorzów Wlkp. 2.083 Szymon Woźniak
83%
25 Apator Toruń 1.810 Patryk Dudek
82%
17 Apator Toruń 1.955 Robert Lambert
82%
18 Sparta Wrocław 1.949 Tai Woffinden
82%
9 Sparta Wrocław 2.148 Daniel Bewley
81%
16 Motor Lublin 1.981 Mateusz Cierniak
81%
12 Włókniarz Częstochowa 2.087 Mikkel Michelsen
81%
19 Wilki Krosno 1.944 Jason Doyle
80%
2 Apator Toruń 2.443 Emil Sajfutdinow
78%
23 Unia Leszno 1.860 Grzegorz Zengota
78%
20 GKM Grudziądz 1.939 Max Fricke
77%
29 Włókniarz Częstochowa 1.717 Kacper Woryna
75%
15 GKM Grudziądz 1.983 Nicki Pedersen
75%
24 Sparta Wrocław 1.822 Bartłomiej Kowalski
74%
28 Motor Lublin 1.719 Jarosław Hampel
73%
22 Stal Gorzów Wlkp. 1.864 Oskar Fajfer
73%
21 Włókniarz Częstochowa 1.871 Maksym Drabik
72%
26 Sparta Wrocław 1.784 Piotr Pawlicki
72%
30 Unia Leszno 1.682 Bartosz Smektała
66%
27 GKM Grudziądz 1.745 Wadim Tarasienko
52%
Nie znaleziono quizów pasujących do podanych kryteriów
Rozkład punktacji
Procent ludzi z każdym wynikiem
Percentyl według liczby udzielonych odpowiedzi
Twoja historia wyników
Nie rozwiązałeś tego quizu